| 000 | 00673nam a22001577a 4500 | ||
|---|---|---|---|
| 003 | OSt | ||
| 005 | 20151006161949.0 | ||
| 008 | 151006b xxu||||| |||| 00| 0 eng d | ||
| 040 | _cRUA | ||
| 082 | _aAVM THA 2007 B079 Or.1 | ||
| 100 |
_92210 _aTHAY, SOPHEAP. |
||
| 245 | _aEffect of using dry brewery waste as concentratre on growth rate of local duck, ឥទ្ធិពលនៃការប្រើប្រាស់កាតស្រាបៀរស្ងួតជាចមណីផ្សំលើការលូតលាស់របស់ទាក្នុងស្រុក | ||
| 260 |
_aPhnom Penh _bRUA _c2007 |
||
| 300 |
_aviii; 44p. _bill. _c29cm. |
||
| 942 |
_2ddc _cAVM |
||
| 999 |
_c2083 _d2083 |
||